000 01070nas a2200265 4500
001 BR0705093
003 BR-BrBNA
005 20231205111143.0
007 ta
008 230509b bl.|||p| |||| 00| 00por d
040 _aBR-BrBNA
_bpor
_cBiblioteca Nacional de Agricultura
041 _a(Pt)
072 _aL73
100 1 _aPassos, E. de C.
100 1 _aVasconcellos, S.A.
100 1 _aIto, F.H.
100 1 _aYasuda, P.H.
100 1 _aNürmberger Junior, R.
245 1 _aIsolamento de leptospiras a patir do tecido renal de hamsters experimentalmente infectados com Leptospira interrogans sorotipo Pomona. Emprego das técnicas da pipeta pasteur e a das diluições seriadas em meio de cultura de fletcher tratado com 5-fluor-uracil ou o sulfato de neomicina
650 _aLEPTOSPIRA POMONA
650 _aHAMSTER
773 0 _tRevista da Faculdade de Medicina Veterinária e Zootecnia da Universidade de São Paulo (Brazil)
_xISSN 0303-7525
_g(1988), v. 25(2) p. 221-235
_wBR0705093
909 _a202311
_bLúcia
_c55
_dLúcia Elande
942 _2AGRIS
_n0
_cANA
999 _c190987
_d190987